| 000 | 00694nam a2200205Ia 4500 | ||
|---|---|---|---|
| 005 | 20260121110019.0 | ||
| 008 | 008 260114s9999 xx 000 0 hin d | ||
| 020 | _a9788132357384 | ||
| 037 | _aEBOOK | ||
| 040 |
_aCRL _bhin _cCRL |
||
| 041 |
_ahin _2hin |
||
| 084 | _qCRL | ||
| 100 |
_aलालजी यादव / Lalji Yadav _9940990 |
||
| 245 | 0 | _aअनाज उत्पादन एवं भण्डारण तकनीकी / Anaaj Utpadan aur Bhandaran Takneeki | |
| 260 |
_bभाषा प्रकाशन / Bhasha Prakashan _c2021 |
||
| 856 | _uhttps://bhashaprakashan.com/product-details/378879 | ||
| 942 | _cEBOOK | ||
| 999 |
_c1532655 _d1532655 |
||